000 00473nam a2200181Ia 4500
001 17203
005 20260306170407.0
008 260306t2009||||xx |||||||||||||| ||und||
041 _aESP
082 _a657.61
_bA85 2009 V. 2
100 _aAtaupillco Vera, Dante
_eAUT
245 0 _aPlan contable general empresarial:
_baplicación práctica
260 _c2009
300 _apáginas 813-1728 :
_c21 cm.
650 _aGEN
654 _aCCO
942 _cLIB
_dJUS
_fJUS
_2ddc
_n
999 _c17203
_d17203